The work of Silov on commutative semi-simple Banach algebras /

Guardado en:
Autor Principal: Mirkil, H.
Formato: Libro
Idioma:English
Publicado: Rio de Janeiro : Instituto de Matemática Pura e Aplicada do Conselho Nacional de Pesquisas, 1959.
Series:Notas de matemática ; no. 20
Etiquetas: Agregar Etiqueta
Sin Etiquetas, Sea el primero en etiquetar este registro!
LEADER 00590nam a22001575a 4500
001 MAT.inmabb000761
008 031119s1959####bl############000#0#eng#d
005 20130502164240.0
245 1 4 |a The work of Silov on commutative semi-simple Banach algebras /  |c by H. Mirkil. 
260 |a Rio de Janeiro :  |b Instituto de Matemática Pura e Aplicada do Conselho Nacional de Pesquisas,  |c 1959. 
300 |a 59 h. ;  |c 27 cm. 
440 0 |a Notas de matemática ;  |v no. 20 
100 1 |a Mirkil, H. 
084 |a 46Jxx  |2 msc2000 
859 |h 46  |i M675  |p A-567  |b BIB. MATEMATICA 
859 |h 46  |i M675  |p A-568  |t Ej. 2  |b BIB. MATEMATICA